| 000 | 00664nam a2200265Ia 4500 | ||
|---|---|---|---|
| 008 | 210210b1879 xxu||||| |||| 00| 0 eng d | ||
| 041 | _aeng | ||
| 082 | _a664.07 BLYM | ||
| 100 | _aBLYTH (Alexander Wynter) | ||
| 245 | _aManual of practical chemistry: the analysis of foods and the detection of poisons | ||
| 260 |
_aLondon _bCharles Griffin & Co Ltd. _c1879 |
||
| 300 | _axvii,504 | ||
| 650 | _athe | ||
| 650 | _apractical | ||
| 650 | _apoisons | ||
| 650 | _aof | ||
| 650 | _aManual | ||
| 650 | _afoods | ||
| 650 | _adetection | ||
| 650 | _achemistry: | ||
| 650 | _aand | ||
| 650 | _aanalysis | ||
| 690 | _aFood Technology | ||
| 906 | _a070639 | ||
| 999 |
_c120089 _d120089 |
||